00607 a2200193 450000100060000002000150000604000240002110000240004524000290006924500240009830000070012236200090012944000120013865000310015094200070018195201040018895201040029299900170039669177 a8502018280 cAnchieta - Itaigara aAlbergaria, Lino de10aCaderno de segredoslpor10aCaderno de segredos a710 a1999 1aSaraiva 4aLiteratura infanto-juvenil cBK 00104070a88.1b88.1d2023-11-21l0o028.5 ALB CADp1237/ITAr2023-11-21 20:03:38w2023-11-21yBK 00104070a88.1b88.1d2023-11-21l0o028.5 ALB CADp1238/ITAr2023-11-21 20:03:38w2023-11-21yBK c69177d69177